000 00293nam a22001337a 4500
008 170428b xxu||||| |||| 00| 0 eng d
020 _a9780521531832
041 _aeng
080 _25 ED
_a341
100 _a13
101 _aSHJ
245 _aINTERNATIONAL LAW
_cSHAW.M.N
942 _2udc
_cBK
999 _c12301
_d12301